Principles Of Physical Chemistry (Record no. 344216)

MARC details
000 -LEADER
fixed length control field 00501nam a2200181Ia 4500
008 - FIXED-LENGTH DATA ELEMENTS--GENERAL INFORMATION
fixed length control field 230718s9999 xx 000 0 und d
020 ## - INTERNATIONAL STANDARD BOOK NUMBER
International Standard Book Number 9789382956785
041 ## - LANGUAGE CODE
Language code of text/sound track or separate title eng
082 ## - DEWEY DECIMAL CLASSIFICATION NUMBER
Classification number 541.3
Item number PUR
100 ## - MAIN ENTRY--PERSONAL NAME
Personal name Puri B.R.
245 ## - TITLE STATEMENT
Title Principles Of Physical Chemistry
250 ## - EDITION STATEMENT
Edition statement 47th ed.
260 ## - PUBLICATION, DISTRIBUTION, ETC. (IMPRINT)
Date of publication, distribution, etc. 2016
Name of publisher, distributor, etc. Vishal Publishing
300 ## - PHYSICAL DESCRIPTION
Extent 1366
365 ## - TRADE PRICE
Currency code Rs.
Price amount 695.00
700 ## - ADDED ENTRY--PERSONAL NAME
Personal name Puri B.R.; Sharma L.R. & Pathania M.S.
906 ## - LOCAL DATA ELEMENT F, LDF (RLIN)
d O:0372501-Feb-2017B:SE/SI/363725-Jan-2017
c BSH
b 333.6
Holdings
Withdrawn status Lost status Damaged status Not for loan Home library Current library Date acquired Vendor Budget Code Cost, normal purchase price Bill number Total Checkouts Full call number Barcode Date last seen Discount Cost, replacement price Bill Date Koha item type Original Barcode
        Cummins College of Engineering for Women Pune Cummins College of Engineering for Women Pune 02/02/2017 Suyog Enterprises BSH 611.60 SE/SI/3637   541.3 CCEP-BK-55423 18/07/2023 333.6 695.00 25/01/2017 Books 055423